| 000 | 00690nam a2200253 a 4500 | ||
|---|---|---|---|
| 005 | 20260322212041.0 | ||
| 008 | data | ||
| 010 | _a88-12797 | ||
| 020 | _a0395446805 | ||
| 020 | _a9780395446805 | ||
| 040 |
_aDLC _cDLC |
||
| 043 | _an-us--- | ||
| 050 | 0 |
_aE184.J5 _bS544 1988 |
|
| 082 | 0 |
_a973/.04924 _219 |
|
| 092 | _a973.04 S544 1988 | ||
| 100 | 1 | _aSimons, Howard. | |
| 245 | 1 | 0 |
_aJewish times : _bvoices of the American Jewish experience / _cHoward Simons. |
| 260 | 0 |
_aBoston : _bHoughton Mifflin Co., _c1988. |
|
| 300 |
_a418 p. ; _c25 cm. |
||
| 500 | _a"A Marc Jaffe book." | ||
| 650 | 0 |
_aJews _zUnited States _xInterviews. |
|
| 651 | 0 |
_aUnited States _xEthnic relations. |
|
| 001 | data | ||
| 999 |
_c959 _d959 |
||